[Event "Challenge"]
[Site "http://www.queenalice.com/game.php?id=816660"]
[Date "2010.8.11"]
[Round "-"]
[White "cleriston"]
[Black "Rudolf"]
[Result "0-1"]
[WhiteElo "2120"]
[BlackElo "2395"]

1. e4 c5 2. Nf3 d6 3. d4 cxd4 4. Nxd4 e5 5. Nb3 Nf6 6. Nc3 b6 7. Be3 Bb7 8. f3
Be7 9. Qd2 O-O 10. O-O-O Qc8 11. Qf2 Rd8 12. Qg3 Qe6 13. Kb1 d5 14. Nxd5 Bxd5
15. exd5 Nxd5 0-1

[Event "Challenge"]
[Site "http://www.queenalice.com/game.php?id=816661"]
[Date "2010.8.11"]
[Round "-"]
[White "Rudolf"]
[Black "cleriston"]
[Result "1-0"]
[WhiteElo "2391"]
[BlackElo "2124"]

1. e4 c5 2. Nf3 d6 3. d4 cxd4 4. Nxd4 Nf6 5. Nc3 e6 6. Be2 a6 7. Bd3 Be7 8. Be3
Nbd7 9. O-O O-O 10. Kh1 Qc7 11. f3 b5 12. Qe1 Nc5 13. b4 Nxd3 14. cxd3 d5 15.
Nce2 Qd6 16. e5 1-0

[Event "AUTO-MASTER-1190"]
[Site "http://www.queenalice.com/game.php?id=817586"]
[Date "2010.8.13"]
[Round "1"]
[White "amarkin"]
[Black "cleriston"]
[Result "1-0"]
[WhiteElo "2181"]
[BlackElo "2145"]

1. c4 e5 2. g3 Nf6 3. Bg2 Nc6 4. Nc3 Bc5 5. e3 O-O 6. Nge2 d6 7. d4 exd4 8. exd4
Bb6 9. O-O Bg4 10. h3 Bh5 11. Be3 Re8 12. Re1 Qd7 13. g4 Bg6 14. Nf4 Nxd4 15. g5
Nc2 16. gxf6 Qf5 17. Nfd5 Nxe1 18. Qxe1 Qe5 19. Nxb6 axb6 20. fxg7 Qxg7 21. Qd2
Be4 22. Nxe4 Rxe4 23. Kh2 Re6 24. Bxb7 Ra5 25. Bd4 Qf8 26. Bd5 Rg6 27. Bc3 Rxd5
28. Qxd5 h6 29. Rg1 Rxg1 30. Kxg1 Qe7 31. Qg2+ Qg5 32. Qxg5+ hxg5 33. Bf6 Kf8
34. Bxg5 c6 35. Kg2 Ke8 36. h4 Kf8 37. a4 Ke8 38. h5 Kf8 39. b4 f6 40. Bxf6 Kf7
41. Bd4 c5 42. Bxc5 dxc5 43. bxc5 bxc5 44. a5 1-0

[Event "AUTO-MASTER-1190"]
[Site "http://www.queenalice.com/game.php?id=817587"]
[Date "2010.8.13"]
[Round "1"]
[White "cleriston"]
[Black "amarkin"]
[Result "0-1"]
[WhiteElo "2134"]
[BlackElo "2186"]

1. d4 Nf6 2. c4 c5 3. d5 b5 4. cxb5 a6 5. f3 axb5 6. e4 Qa5+ 7. Bd2 b4 8. Na3 e6
9. Nc4 Qc7 10. dxe6 fxe6 11. e5 Nd5 12. Bd3 Ba6 13. f4 Nc6 14. Qh5+ g6 15. Qh3
Bxc4 16. Bxc4 Nb6 17. Bb5 Nd4 18. Bd3 c4 19. Be4 Nd5 20. Ne2 Nb3 21. Rd1 Rxa2
22. Bxg6+ hxg6 23. Qxh8 c3 24. bxc3 bxc3 25. Bc1 Qc5 26. Qh7 Rxe2+ 27. Kxe2
Nxc1+ 28. Kf3 Qe3+ 29. Kg4 Qxf4+ 0-1

[Event "AUTO-MASTER-1190"]
[Site "http://www.queenalice.com/game.php?id=817598"]
[Date "2010.8.13"]
[Round "1"]
[White "Lindomar"]
[Black "cleriston"]
[Result "1-0"]
[WhiteElo "2054"]
[BlackElo "2100"]

1. d4 d5 2. c4 c6 3. Nc3 Nf6 4. Nf3 e6 5. e3 Nbd7 6. Bd3 dxc4 7. Bxc4 b5 8. Bd3
a6 9. O-O Bb7 10. a3 Rc8 11. Qe2 c5 12. Rd1 cxd4 13. Nxd4 Bd6 14. Bd2 O-O 15.
Rac1 Qb6 16. b4 Be5 17. Nf3 Bxf3 18. Qxf3 Qd6 19. Be1 Bxh2+ 20. Kh1 Qb8 21. g3
Ne5 22. Qe2 Qb7+ 23. e4 Nfg4 24. f3 Qb6 25. Qg2 Ne3 26. Bf2 Qd4 27. Bf1 Qxd1 28.
Rxd1 Nxg2 29. Bxg2 Rxc3 30. Kxh2 Nxf3+ 31. Kh3 Rxa3 32. Bc5 Rc8 33. Bxf3 Rxf3
34. Ra1 Ra8 35. e5 Rc3 36. Kg4 a5 37. Bd6 a4 38. Kf4 1-0

[Event "AUTO-MASTER-1190"]
[Site "http://www.queenalice.com/game.php?id=817599"]
[Date "2010.8.13"]
[Round "1"]
[White "cleriston"]
[Black "Lindomar"]
[Result "1-0"]
[WhiteElo "2088"]
[BlackElo "2099"]

1. e4 c5 2. Nf3 d6 3. d4 cxd4 4. Nxd4 Nf6 5. Nc3 a6 6. Bg5 e6 7. f4 Qb6 8. Qd2
Qxb2 9. Rb1 Qa3 10. f5 Nc6 11. fxe6 fxe6 12. Nxc6 bxc6 13. e5 dxe5 14. Bxf6 gxf6
15. Ne4 Be7 16. Be2 h5 17. Rb3 Qxa2 18. O-O f5 19. Qc3 Bd7 20. Ra1 Qxb3 21. cxb3
fxe4 22. Qxe5 Rh7 23. Bxh5+ Kd8 24. Qa5+ Kc8 25. Be2 Bd6 26. Bxa6+ Rxa6 27.
Qxa6+ Kd8 28. Qa5+ Ke8 29. Qg5 Bxh2+ 30. Kf2 Rf7+ 31. Ke2 Rf5 32. Qg8+ Ke7 33.
Qh7+ 1-0

[Event "AUTO-MASTER-1190"]
[Site "http://www.queenalice.com/game.php?id=817606"]
[Date "2010.8.13"]
[Round "1"]
[White "cleriston"]
[Black "DenisDiaz"]
[Result "1-0"]
[WhiteElo "2083"]
[BlackElo "1995"]

1. e4 c6 2. d4 d5 3. Nc3 dxe4 4. Nxe4 Nf6 5. Nxf6+ gxf6 6. Nf3 Be6 7. c3 Qc7 8.
Bd3 Nd7 9. Be3 h5 10. Qd2 Nb6 11. Bf4 Qd7 12. O-O Nc4 13. Qe2 Nd6 14. Rfe1 Bh6
15. Bxh6 Rxh6 16. Nh4 Kd8 17. a4 Kc7 18. c4 Rg8 19. Qe3 Rhh8 20. d5 cxd5 21.
cxd5 Bxd5 22. Qxa7 Rg4 23. Rac1+ Bc6 24. Bb5 1-0

[Event "AUTO-MASTER-1190"]
[Site "http://www.queenalice.com/game.php?id=817607"]
[Date "2010.8.13"]
[Round "1"]
[White "DenisDiaz"]
[Black "cleriston"]
[Result "0-1"]
[WhiteElo "1933"]
[BlackElo "2104"]

1. d4 d5 2. Nf3 Nf6 3. Bf4 c5 4. dxc5 Bf5 5. b4 a5 6. b5 e6 7. Qd4 Ne4 8. Be3 f6
9. Nbd2 Bxc5 10. Qb2 Bxe3 11. fxe3 Nxd2 12. Nxd2 O-O 13. g3 Qb6 14. Kf2 Nd7 15.
a4 Rfc8 16. Rc1 Ne5 17. h3 Nc4 18. Nxc4 Rxc4 19. Qa2 Rc3 20. Bg2 Qxe3+ 0-1

[Event "Challenge"]
[Site "http://www.queenalice.com/game.php?id=818876"]
[Date "2010.8.16"]
[Round "-"]
[White "amarkin"]
[Black "cleriston"]
[Result "1-0"]
[WhiteElo "2439"]
[BlackElo "2092"]

1. e4 c5 2. Nf3 d6 3. d4 cxd4 4. Nxd4 e6 5. Nc3 a6 6. Be2 Nf6 7. Qd3 Be7 8. O-O
O-O 9. a3 b5 10. Qg3 Kh8 11. Bf3 Bb7 12. e5 Nd5 13. Nxd5 Bxd5 14. Bxd5 exd5 15.
Nf5 Rg8 16. Nxe7 Qxe7 17. exd6 Qf6 18. a4 b4 19. Qf4 Qxf4 20. Bxf4 Nd7 21. Rfe1
Rge8 22. Re7 Rxe7 23. dxe7 Nf6 24. f3 Rc8 25. Rd1 h6 26. a5 Rxc2 27. Rxd5 Kh7
28. Be5 Rc1+ 29. Kf2 Rc2+ 30. Ke1 Ne8 31. Rd8 Rc6 32. Rxe8 Re6 33. f4 f6 34. Kf2
fxe5 35. f5 Rd6 36. Rd8 1-0

[Event "Challenge"]
[Site "http://www.queenalice.com/game.php?id=818877"]
[Date "2010.8.16"]
[Round "-"]
[White "cleriston"]
[Black "amarkin"]
[Result "0-1"]
[WhiteElo "2090"]
[BlackElo "2440"]

1. e4 c6 2. d4 d5 3. Nc3 dxe4 4. Nxe4 Bf5 5. Ng3 Bg6 6. h4 h6 7. Nf3 e6 8. Ne5
Bh7 9. Bc4 Nd7 10. Qe2 Nxe5 11. Qxe5 Bxc2 12. Ne4 Bxe4 13. Qxe4 Nf6 14. Qd3 Bb4+
15. Bd2 Bxd2+ 16. Qxd2 O-O 17. O-O-O b5 18. Bd3 Qd5 19. Kb1 a5 20. f3 a4 21. Qe3
a3 22. b3 Qd6 23. Qe5 Qb4 24. Qc5 Nd5 25. Qxb4 Nxb4 26. g4 Rfd8 27. Be4 Ra7 28.
Rd2 Rad7 29. Rc1 Rxd4 30. Rxd4 Rxd4 31. Bxc6 Rd2 32. Be4 Rb2+ 33. Ka1 Rxa2+ 34.
Kb1 Rb2+ 35. Ka1 g6 36. Rc5 Ra2+ 37. Kb1 Re2 38. Rc1 f5 39. Bc6 Rb2+ 40. Ka1
Nc2+ 41. Rxc2 Rxc2 42. Bxb5 Kf7 43. Bd7 fxg4 44. fxg4 e5 45. h5 gxh5 46. gxh5
Kf6 47. b4 e4 0-1

[Event "Challenge"]
[Site "http://www.queenalice.com/game.php?id=828777"]
[Date "2010.9.6"]
[Round "-"]
[White "cleriston"]
[Black "pepebacardi"]
[Result "1/2-1/2"]
[WhiteElo "2103"]
[BlackElo "2126"]

1. e4 e6 2. d4 d5 3. Nc3 Bb4 4. e5 c5 5. a3 Bxc3+ 6. bxc3 Ne7 7. Qg4 O-O 8. Bd3
Qa5 9. Nf3 Qxc3+ 10. Bd2 Qxa1+ 11. Ke2 Qxa3 12. Bxh7+ Kxh7 13. Qh5+ Kg8 14. Ng5
Rd8 15. Qxf7+ Kh8 1/2-1/2

[Event "Challenge"]
[Site "http://www.queenalice.com/game.php?id=828778"]
[Date "2010.9.6"]
[Round "-"]
[White "pepebacardi"]
[Black "cleriston"]
[Result "1-0"]
[WhiteElo "2143"]
[BlackElo "2079"]

1. e4 c5 2. Nf3 d6 3. d4 cxd4 4. Nxd4 e6 5. Nc3 a6 6. Be2 Nf6 7. O-O Be7 8. f4
Qc7 9. Kh1 O-O 10. a4 b6 11. Bf3 Bb7 12. e5 dxe5 13. fxe5 Nfd7 14. Bxb7 Qxb7 15.
Bf4 Bc5 16. Re1 Nc6 17. Nxc6 Qxc6 18. Qg4 Kh8 19. Rad1 h6 20. Rd3 Rfd8 21. Qh5
Kg8 22. Bxh6 g6 23. Qh4 Bf8 24. Rh3 Bg7 25. Bxg7 1-0

[Event "Desafio #01"]
[Site "http://www.queenalice.com/game.php?id=837958"]
[Date "2010.9.25"]
[Round "-"]
[White "Aylton"]
[Black "cleriston"]
[Result "1-0"]
[WhiteElo "2105"]
[BlackElo "2095"]

1. d4 d5 2. Nf3 Nf6 3. e3 e6 4. c4 c6 5. a3 Nbd7 6. Nc3 a6 7. cxd5 exd5 8. Be2
Bd6 9. O-O O-O 10. Bd2 Ne4 11. Qc2 Ndf6 12. Rfc1 Bg4 13. Be1 Nxc3 14. Qxc3 Qb6
15. h3 Bh5 16. b4 h6 17. g4 Bg6 18. Kg2 Rae8 19. a4 Be4 20. a5 Qd8 21. Bd3 1-0

[Event "Desafio #02"]
[Site "http://www.queenalice.com/game.php?id=837959"]
[Date "2010.9.25"]
[Round "-"]
[White "cleriston"]
[Black "Aylton"]
[Result "0-1"]
[WhiteElo "2111"]
[BlackElo "2152"]

1. e4 e6 2. d4 d5 3. e5 c5 4. c3 a6 5. Nf3 Nc6 6. Bd3 cxd4 7. cxd4 h6 8. Qb3
Bb4+ 9. Nc3 Nge7 10. O-O O-O 11. Bd2 b5 0-1

[Event "Challenge"]
[Site "http://www.queenalice.com/game.php?id=841889"]
[Date "2010.10.4"]
[Round "-"]
[White "cleriston"]
[Black "pepebacardi"]
[Result "0-1"]
[WhiteElo "2061"]
[BlackElo "2146"]

1. e4 c5 2. Nf3 d6 3. d4 cxd4 4. Nxd4 Nf6 5. Nc3 a6 6. f4 e6 7. Qf3 Qb6 8. a3
Nc6 9. Nb3 Qc7 10. g4 b5 11. g5 Nd7 12. Be3 h6 13. Qh3 Bb7 14. g6 Nf6 15. gxf7+
Qxf7 16. O-O-O b4 17. axb4 Nxb4 18. Rd4 d5 19. e5 Nd7 20. Rg1 g6 21. Rd1 Rc8 22.
Nd4 Bc5 23. Be2 Nf8 24. Nb3 Qf5 0-1

[Event "Desafio #03"]
[Site "http://www.queenalice.com/game.php?id=859042"]
[Date "2010.11.15"]
[Round "-"]
[White "Aylton"]
[Black "cleriston"]
[Result "1-0"]
[WhiteElo "2102"]
[BlackElo "2076"]

1. d4 d5 2. Nf3 Nf6 3. e3 c5 4. a3 cxd4 5. exd4 Bg4 6. h3 Bh5 7. Bb5+ Nc6 8. O-O
e6 9. c3 a6 10. Ba4 b5 11. Bc2 1-0

[Event "Desafio #04"]
[Site "http://www.queenalice.com/game.php?id=859043"]
[Date "2010.11.15"]
[Round "-"]
[White "cleriston"]
[Black "Aylton"]
[Result "0-1"]
[WhiteElo "2092"]
[BlackElo "2087"]

1. e4 c5 2. Nf3 Nc6 3. d4 cxd4 4. Nxd4 e5 5. Nb5 a6 6. Nd6+ Bxd6 7. Qxd6 Qe7 8.
Qd1 Nf6 9. Nc3 h6 10. Bc4 O-O 11. f3 b5 0-1